| 000 | 00746cam a2200217 a 4500 | ||
|---|---|---|---|
| 020 | _a0072317353 (acidfree paper) | ||
| 040 | _cDLC | ||
| 082 | 0 | 0 | _a709 HIL 2002 A087 Or. |
| 100 | 1 | _aFiero, Gloria K. | |
| 245 | 1 | 0 | _aModernism, globalism, and the information age / |
| 250 | _a4th ed. | ||
| 260 |
_aBoston, : _bMcGraw-Hill, _cc2002. |
||
| 300 |
_axiii, 177 p. : _bill. (some col.), maps ; _c28 cm. |
||
| 490 | 1 | _aThe humanistic tradition | |
| 500 | _aRev. ed. of: The global village of the twentieth century. 3rd ed. c1998. | ||
| 650 | 0 | _aArts, Modern | |
| 700 | 1 | _aFiero, Gloria K. | |
| 856 | 4 | 2 | _uhttp://www.loc.gov/catdir/description/mh021/2001090460.html |
| 856 | 4 | 1 | _uhttp://www.loc.gov/catdir/toc/mh021/2001090460.html |
| 942 | _cEK | ||
| 999 |
_c15295 _d15295 |
||